00406 2200157 4500001002100000005001500021008004100036020001800077035001900095082000800114090001400122100002500136245002300161260003400184300003000218INLIS00000000000884920241224113723241224||||||||| | ||| |||| ||  a979-95690-5-2 0010-12240088490 a813 a813 SEN p0 aSeno Gumira Ajidarma00aPENEMBAK MISTERIUS aYogyakartabGalangpressc2007 a130x200 mm; viii+ 214 hlm